000 00393nam a2200169Ia 4500
001 30361
003 IN-NITTTR
005 20251114233410.0
008 251113s9999||||xx |||||||||||||| ||eng||
040 _beng
040 _cIN-NITTTR
041 _aeng
082 _a615.53 J17A
100 _aJadhav, Ankush
245 0 _aAyurvedic vigayan ke naye aayam /
_cJadhav, Ankush
942 _2ddc
_cBK
999 _c32989
_d32989